Joueurs français passés par l'AC Milan - Statistiques

Statistiques générales
  • Ce quiz a été pris 757 fois
    172 depuis la dernière actualisation
  • Le résultat moyen est 9 sur 25
Statistiques - réponses
Années Matchs Nom % Correct
2019- 262 Théo Hernandez
90%
2021- 163 Mike Maignan
86%
2021-2024 132 Olivier Giroud
77%
1993-1998 186 Marcel Desailly
66%
2020-2025 112 Pierre Kalulu
57%
2011-2016 114 Philippe Mexès
54%
2006-2008 54 Yoann Gourcuff
54%
1992-1994 63 Jean-Pierre Papin
52%
1997-2008 77 Ibrahim Ba
47%
2014-2016 46 Jérémy Ménez
47%
2014-2015 44 Adil Rami
43%
2024- 52 Youssouf Fofana
43%
1995-1996 5 Patrick Vieira
42%
2021- 39 Yacine Adli
41%
1996-1997 26 Christophe Dugarry
32%
2008-2013 122 Mathieu Flamini
30%
2018-2019, 2021-2023 63 Tiémoué Bakayoko
23%
2004-2005 20 Vikash Dhorasoo
14%
2025- 5 Warren Bondo
4%
1998-2000 42 Bruno N'Gotty
3%
1968-1971 70 Nestor Combin
3%
2023- 0 Noah Raveyre
2%
2021 21 Soualiho Meïté
2%
2020-2022 0 Leroy Abanda
1%
2021-2024 0 Clinton Nsiala
0%
Aucun quiz correspondant
Distribution des résultats
% des personnes avec chaque résultat
Percentile par nombre de réponses
Votre historique - résultats
Vous n’avez pas pris ce quiz depuis la dernière actualisation